| 000 | 00658nam a2200193 a 4500 | ||
|---|---|---|---|
| 001 | 2016917 | ||
| 003 | AM-YeHGA | ||
| 005 | 20250905132636.0 | ||
| 008 | 250430s1914 ru |||||||||||||||||rus|d | ||
| 040 | _aAM-YeHGA | ||
| 041 | 0 | _arus | |
| 100 | 1 | _aГримм, Давид Давидович | |
| 245 | 1 | 0 |
_aЛекции по догме римского права : _bПособие для слушателей / _cПроф. Д.Д. Гримм. |
| 250 | _a4-е изд., испр. и доп. | ||
| 260 |
_aСанкт-Петербург : _bтип. Ю.Н. Эрлих, _c1914. |
||
| 300 | _a421 с. | ||
| 650 | 1 | 4 | _aРимское право |
| 942 |
_2udc _cBK |
||
| 999 |
_c534580 _d534580 |
||